| 000 | 00606cam a2200193 a 4500 | ||
|---|---|---|---|
| 020 | _a1559633549 (recycled, acidfree paper) | ||
| 040 | _cDLC | ||
| 082 | 0 | 0 | _a304 ISL 1998 A014 Or. |
| 100 | 1 | _aDavis, Wade. | |
| 245 | 1 | 0 |
_aShadows in the sun : _btravels to landscapes of spirit and desire / |
| 260 |
_aWashington, D.C. : _bIsland Press, _cc1998. |
||
| 300 |
_ax, 292 p. ; _c22 cm. |
||
| 500 | _aIncludes index. | ||
| 650 | 0 | _aHuman ecology | |
| 650 | 0 | _aLandscape assessment | |
| 650 | 0 | _aPhilosophy of nature | |
| 856 | 4 | 2 | _uhttp://www.loc.gov/catdir/enhancements/fy0666/98034097-d.html |
| 942 | _cEK | ||
| 999 |
_c12860 _d12860 |
||